[Event "SLO-chT1 East 29th"]
[Site "Slovenia"]
[Date "2019.10.19"]
[Round "8.4"]
[White "Ocepek, Martin"]
[Black "Novak, Ratko"]
[Result "0-1"]
[WhiteElo "2120"]
[BlackElo "2114"]
[PlyCount "60"]
[EventDate "2019.09.06"]
[EventType "team-tourn"]
[EventRounds "9"]
[EventCountry "SLO"]
[SourceTitle "CBM 192 Extra"]
[Source "Chessbase"]
[SourceDate "2019.11.06"]
[SourceVersion "1"]
[SourceVersionDate "2019.11.06"]
[SourceQuality "1"]
[WhiteTeam "Zagorje ob Savi"]
[BlackTeam "Fram"]
[WhiteTeamCountry "SLO"]
[BlackTeamCountry "SLO"]

1. Nf3 d5 2. c4 d4 3. e3 c5 4. exd4 cxd4 5. d3 Nc6 6. Be2 e5 7. 0-0 Bd6 8. a3 a5 9. Nbd2 Nge7 10. Qc2 b6 11. Ne4 Bc7 12. Bd2 f5 13. Ng3 a4 14. b4 axb3 15. Qxb3 0-0 16. Rfc1 Kh8 17. c5 bxc5 18. Ng5 Qe8 19. Rxc5 Bd6 20. Rc2 h6 21. Nf3 Qg6 22. Nh4 Qf6 23. Bf3 e4 24. dxe4 Qxh4 25. exf5 Rb8 26. Qa4 Ne5 27. Be4 Ng4 28. h3 Nxf2 29. Qxd4 Bxg3 30. Bb4 Nxe4 0-1

[Event "SLO-chT2 East"]
[Site "Brezice Maribor"]
[Date "2012.09.08"]
[Round "1"]
[White "Brdnik, Roman"]
[Black "Ocepek, Martin"]
[Result "0-1"]
[WhiteElo "1893"]
[BlackElo "2077"]
[PlyCount "84"]
[EventDate "2012.09.08"]
[EventType "team-tourn"]
[EventRounds "9"]
[EventCountry "SLO"]
[SourceTitle "EXT 2022"]
[Source "ChessBase"]
[SourceDate "2021.10.06"]
[SourceVersion "1"]
[SourceVersionDate "2021.10.06"]
[SourceQuality "1"]

1. d4 d5 2. c4 e6 3. Nc3 Nf6 4. Nf3 c6 5. e3 Nbd7 6. Be2 dxc4 7. Bxc4 b5 8. Bd3 Bb7 9. Bd2 a6 10. 0-0 c5 11. Be2 Bd6 12. dxc5 Nxc5 13. Rc1 0-0 14. b4 Nce4 15. a3 Qb8 16. h3 Rd8 17. Nxe4 Nxe4 18. Qe1 Bh2+ 19. Kh1 Be5 20. Rc2 Qd6 21. Bc1 Qd5 22. Kg1 Bf6 23. Bb2 Bxb2 24. Rxb2 Rac8 25. Qa1 Nc3 26. Rd2 Qxd2 27. Nxd2 Nxe2+ 28. Kh2 Rxd2 29. Rd1 Rdc2 30. Qe5 Bd5 31. e4 Nc3 32. Re1 Nxe4 33. Rxe4 Bxe4 34. Qxe4 h6 35. Qb7 R8c6 36. Kg3 f5 37. f3 Kh7 38. Qf7 Rd2 39. Qb7 Rcc2 40. Qxa6 Rxg2+ 41. Kf4 Rge2 42. Qxb5 g5+ 0-1

[Event "Ljubljana-chT 65th Superliga"]
[Site "Ljubljana"]
[Date "2012.02.09"]
[Round "4.2"]
[White "Gantar, Jan"]
[Black "Ocepek, Martin"]
[Result "1/2-1/2"]
[WhiteElo "2206"]
[BlackElo "2086"]
[PlyCount "30"]
[EventDate "2012.01.12"]
[EventType "team-tourn"]
[EventRounds "9"]
[EventCountry "SLO"]
[SourceTitle "EXT 2022"]
[Source "ChessBase"]
[SourceDate "2021.10.06"]
[SourceVersion "1"]
[SourceVersionDate "2021.10.06"]
[SourceQuality "1"]
[WhiteTeam "Komenda Popotnik"]
[BlackTeam "Zagorje ob Savi"]
[WhiteTeamCountry "SLO"]
[BlackTeamCountry "SLO"]

1. e4 e6 2. d4 d5 3. Nd2 c5 4. Ngf3 Nf6 5. exd5 exd5 6. Bb5+ Bd7 7. Bxd7+ Nbxd7 8. 0-0 Be7 9. dxc5 Nxc5 10. Nb3 Nce4 11. Nbd4 0-0 12. c3 Bc5 13. Bg5 Nxg5 14. Nxg5 Qb6 15. Nb3 Rfe8 1/2-1/2

[Event "Ljubljana-chT 65th Superliga"]
[Site "Ljubljana"]
[Date "2012.01.26"]
[Round "3.1"]
[White "Kralj, Samo"]
[Black "Ocepek, Martin"]
[Result "1-0"]
[WhiteElo "1958"]
[BlackElo "2086"]
[PlyCount "107"]
[EventDate "2012.01.12"]
[EventType "team-tourn"]
[EventRounds "9"]
[EventCountry "SLO"]
[SourceTitle "EXT 2022"]
[Source "ChessBase"]
[SourceDate "2021.10.06"]
[SourceVersion "1"]
[SourceVersionDate "2021.10.06"]
[SourceQuality "1"]
[WhiteTeam "Komenda Pogi"]
[BlackTeam "Zagorje ob Savi"]
[WhiteTeamCountry "SLO"]
[BlackTeamCountry "SLO"]

1. e4 e6 2. d4 d5 3. exd5 exd5 4. Bd3 Nf6 5. Bf4 Bd6 6. Bg3 0-0 7. Nd2 b6 8. Ne2 c5 9. c3 c4 10. Bc2 b5 11. a3 Nc6 12. 0-0 Qc7 13. Bxd6 Qxd6 14. Ng3 g6 15. h3 Bd7 16. Nf3 Rfe8 17. Qd2 Ne4 18. Qh6 f5 19. Ng5 Re7 20. Bxe4 dxe4 21. Nh5 Rf8 22. Rae1 Qb8 23. Nxh7 gxh5 24. Nxf8 Qxf8 25. Qf4 Kh7 26. f3 Qh6 27. fxe4 fxe4 28. Rxe4 Qxf4 29. Rfxf4 Kg6 30. Kf2 Bf5 31. Rxe7 Nxe7 32. g4 hxg4 33. hxg4 Bd7 34. Kg3 Nd5 35. Rf8 Nf6 36. Kf4 Nxg4 37. Rg8+ Kh5 38. Rg5+ Kh4 39. Rg7 Nf6 40. Ke5 Ng4+ 41. Kd6 Be8 42. Rxa7 Kg5 43. Ke7 Bc6 44. Rc7 Be4 45. Rc5+ Kf4 46. Rxb5 Ne3 47. Ke6 Bf5+ 48. Kd6 Bc2 49. Rb4 Bb3 50. a4 Bxa4 51. Rxa4 Ke4 52. d5 Kd3 53. Kc5 Kc2 54. Rxc4 1-0

[Event "SLO-chT Central 1st League 12th"]
[Site "Slovenia"]
[Date "2011.09.08"]
[Round "1.1"]
[White "Ocepek, Martin"]
[Black "Krumpak, Hinko"]
[Result "1/2-1/2"]
[WhiteElo "2054"]
[BlackElo "2090"]
[PlyCount "96"]
[EventDate "2011.09.08"]
[EventType "team-tourn"]
[EventRounds "9"]
[EventCountry "SLO"]
[SourceTitle "EXT 2022"]
[Source "ChessBase"]
[SourceDate "2021.10.06"]
[SourceVersion "1"]
[SourceVersionDate "2021.10.06"]
[SourceQuality "1"]
[WhiteTeam "Kamnik DU"]
[BlackTeam "Visnja Gora Sticna"]
[WhiteTeamCountry "SLO"]
[BlackTeamCountry "SLO"]

1. Nf3 g6 2. d4 Bg7 3. c4 d6 4. e4 Nd7 5. Be2 e5 6. Nc3 Ne7 7. dxe5 Nxe5 8. Nxe5 Bxe5 9. f4 Bg7 10. Be3 Nc6 11. Qd2 Be6 12. 0-0 Qd7 13. Bd3 f5 14. exf5 Bxf5 15. Bxf5 Qxf5 16. Nb5 0-0-0 17. Nd4 Bxd4 18. Bxd4 Rhe8 19. Rae1 Re4 20. Rxe4 Qxe4 21. Rd1 d5 22. Bf6 Rd6 23. cxd5 Rxf6 24. dxc6 Rd6 25. cxb7+ Kxb7 26. Qe1 Qxe1+ 27. Rxe1 Rd2 28. Rb1 h5 29. g3 Kc6 30. a4 Kd5 31. b4 c6 32. b5 c5 33. a5 Ra2 34. b6 axb6 35. axb6 Ra8 36. Kf2 Kc6 37. b7 Rb8 38. Ke3 Rxb7 39. Rxb7 Kxb7 40. Kd3 Kc6 41. Kc4 Kd6 42. h3 Kc6 43. g4 Kd6 44. f5 gxf5 45. gxh5 Ke5 46. Kxc5 f4 47. h6 Kf6 48. Kd4 Kg6 1/2-1/2

[Event "SLO-chT2 Ost"]
[Site "Slovenia"]
[Date "2010.10.09"]
[Round "7"]
[White "Bohak, Janko"]
[Black "Ocepek, Martin"]
[Result "0-1"]
[WhiteElo "2116"]
[BlackElo "2015"]
[PlyCount "107"]
[EventDate "2010.05.29"]
[EventType "team-tourn"]
[EventRounds "9"]
[EventCountry "SLO"]
[SourceTitle "EXT 2022"]
[Source "ChessBase"]
[SourceDate "2021.10.06"]
[SourceVersion "1"]
[SourceVersionDate "2021.10.06"]
[SourceQuality "1"]

1. e4 e6 2. d4 d5 3. e5 c5 4. c3 Nc6 5. Nf3 Bd7 6. Bd3 Qb6 7. 0-0 cxd4 8. cxd4 Nxd4 9. Nxd4 Qxd4 10. Nc3 Qb6 11. Qe2 a6 12. Kh1 Ne7 13. f4 g6 14. Be3 Qd8 15. Qf2 Bc6 16. Bb6 Qd7 17. Rad1 Bg7 18. Bb1 Nc8 19. Bc5 b6 20. Ba3 Qb7 21. Ne2 Na7 22. Nd4 Nb5 23. Bb4 Nxd4 24. Qxd4 Bb5 25. Rfe1 Rc8 26. Rc1 Kd7 27. Rxc8 Rxc8 28. Qf2 a5 29. Ba3 Bf8 30. Bxf8 Rxf8 31. h3 h5 32. Qh4 Qc7 33. f5 gxf5 34. Qxh5 Qd8 35. Rc1 Qe7 36. Qh6 Rg8 37. Qd2 Qg5 38. Qc2 Qd8 39. a4 Ba6 40. Qc6+ Ke7 41. Qc3 Kf8 42. Qa3+ Kg7 43. Qf3 Qg5 44. Rg1 Rc8 45. Qb3 Rc6 46. Bc2 Kf8 47. Bd1 Qf4 48. Re1 Qf2 49. Rg1 Rc1 50. Qa3+ Qc5 51. Qg3 Be2 52. Qg5 Ke8 53. Qd2 Qxg1+ 54. Kxg1 0-1

[Event "SLO-chT Central 1st League 11th"]
[Site "Slovenia"]
[Date "2010.09.09"]
[Round "1.2"]
[White "Becic, Semso"]
[Black "Ocepek, Martin"]
[Result "0-1"]
[WhiteElo "1550"]
[BlackElo "2015"]
[PlyCount "76"]
[EventDate "2010.09.09"]
[EventType "team-tourn"]
[EventRounds "9"]
[EventCountry "SLO"]
[SourceTitle "EXT 2022"]
[Source "ChessBase"]
[SourceDate "2021.10.06"]
[SourceVersion "1"]
[SourceVersionDate "2021.10.06"]
[SourceQuality "1"]
[WhiteTeam "Zelenci LPP"]
[BlackTeam "Kamnik DU"]
[WhiteTeamCountry "SLO"]
[BlackTeamCountry "SLO"]

1. e4 e6 2. d4 d5 3. e5 c5 4. Nf3 Nc6 5. c3 Qb6 6. Qa4 Bd7 7. Qb3 Qxb3 8. axb3 cxd4 9. Bb5 Nxe5 10. Bxd7+ Nxd7 11. cxd4 Rc8 12. 0-0 a6 13. Nc3 Bd6 14. Bg5 f6 15. Bh4 Ne7 16. Rfe1 Kf7 17. g4 Ng6 18. Bg3 Nf4 19. h4 h6 20. h5 Rc6 21. Re3 g5 22. Kh2 Rhc8 23. Rae1 Nf8 24. Ng1 Rb6 25. Nce2 Rc2 26. Bxf4 gxf4 27. Rf3 Rxb2 28. Nc1 Rd2 29. Nd3 Nh7 30. Nh3 Ng5 31. Nxg5+ fxg5 32. Rc1 Rc6 33. Re1 Kf6 34. b4 Rc3 35. Nc5 Rxf3 36. Rxe6+ Kf7 37. Rxd6 Rdxf2+ 38. Kg1 Rf1+ 0-1

[Event "SLO-chT2 Ost"]
[Site "Slovenia"]
[Date "2010.06.05"]
[Round "3"]
[White "Ocepek, Martin"]
[Black "Drnovsek, Nejc"]
[Result "0-1"]
[WhiteElo "2015"]
[BlackElo "2173"]
[PlyCount "160"]
[EventDate "2010.05.29"]
[EventType "team-tourn"]
[EventRounds "9"]
[EventCountry "SLO"]
[SourceTitle "EXT 2022"]
[Source "ChessBase"]
[SourceDate "2021.10.06"]
[SourceVersion "1"]
[SourceVersionDate "2021.10.06"]
[SourceQuality "1"]

1. Nf3 d5 2. d4 Nf6 3. c4 c6 4. Nc3 dxc4 5. a4 Bf5 6. e3 e6 7. Bxc4 Bb4 8. 0-0 0-0 9. Qb3 Qe7 10. Bd2 Nbd7 11. Rfe1 Bg6 12. Ne2 Bxd2 13. Nxd2 Nb6 14. Nf4 Nxc4 15. Nxg6 hxg6 16. Qxc4 e5 17. dxe5 Qxe5 18. Nf3 Qd5 19. Qb4 c5 20. Qb5 Rac8 21. Rac1 Ne4 22. Qc4 Rfd8 23. Qxd5 Rxd5 24. Red1 Rcd8 25. Rxd5 Rxd5 26. Kf1 g5 27. h3 f6 28. Ke2 Kf7 29. Rc2 Ke6 30. Ne1 g6 31. f3 Nd6 32. Nd3 c4 33. Nb4 Ra5 34. e4 Rxa4 35. Nd5 Ra5 36. Ne3 Rc5 37. Kd2 a5 38. Nd5 b5 39. Rc1 b4 40. Ne3 Ke5 41. g3 Ke6 42. h4 gxh4 43. gxh4 Ke5 44. Rg1 Kf4 45. Ke2 c3 46. bxc3 bxc3 47. Nc2 Rc7 48. Ne1 Ke5 49. Kd3 Nb5 50. Nc2 a4 51. Rf1 g5 52. hxg5 fxg5 53. Rg1 Kf6 54. Rb1 Rd7+ 55. Kc4 Rd2 56. Rxb5 Rxc2 57. Ra5 Rf2 58. Rf5+ Kg6 59. Kxc3 a3 60. Kb3 a2 61. Ra5 Rxf3+ 62. Kxa2 Re3 63. Kb2 Rxe4 64. Kc2 Rd4 65. Kc3 Rd6 66. Ra2 Kh5 67. Kc4 g4 68. Kc5 Rd8 69. Rh2+ Kg5 70. Kc4 g3 71. Rh7 Kf4 72. Rf7+ Ke3 73. Re7+ Kf2 74. Rf7+ Kg1 75. Kc3 g2 76. Kc2 Rd5 77. Kc1 Kh2 78. Rh7+ Kg3 79. Rg7+ Kh3 80. Rh7+ Kg4 0-1

[Event "Ljubljana-chT 63rd 1st League"]
[Site "Ljubljana"]
[Date "2010.01.14"]
[Round "2.1"]
[White "Sivic, Jernej"]
[Black "Ocepek, Martin"]
[Result "0-1"]
[WhiteElo "2062"]
[BlackElo "1986"]
[PlyCount "76"]
[EventDate "2010.01.07"]
[EventType "team-tourn"]
[EventRounds "9"]
[EventCountry "SLO"]
[SourceTitle "EXT 2022"]
[Source "ChessBase"]
[SourceDate "2021.10.06"]
[SourceVersion "1"]
[SourceVersionDate "2021.10.06"]
[SourceQuality "1"]

1. d4 d5 2. c4 e6 3. Nc3 Nf6 4. Nf3 c6 5. Bg5 Nbd7 6. cxd5 exd5 7. e3 Qa5 8. Bd3 Bb4 9. Qc2 0-0 10. 0-0 Re8 11. Bf4 h6 12. h3 Bxc3 13. bxc3 c5 14. Nd2 c4 15. Be2 Qa6 16. Bf3 Qc6 17. a4 Ne4 18. Bxe4 dxe4 19. Qa2 Nb6 20. a5 Nd5 21. Rfc1 Nxf4 22. exf4 Be6 23. Nf1 Qd6 24. f5 Bxf5 25. Qxc4 Be6 26. Qb5 f5 27. Rd1 Bd7 28. Qb3+ Kh8 29. c4 f4 30. h4 Qf6 31. g3 e3 32. fxe3 fxg3 33. Qxb7 Qf2+ 34. Kh1 Bh3 35. Nxg3 Rab8 36. Qc6 Re6 37. Qd5 Rb2 38. Nf1 Bg2+ 0-1

[Event "SLO-chT Central Superliga 10th"]
[Site "Slovenija"]
[Date "2009.09.24"]
[Round "2.2"]
[White "Plaskan, Jure"]
[Black "Ocepek, Martin"]
[Result "1-0"]
[WhiteElo "2157"]
[BlackElo "1974"]
[PlyCount "53"]
[EventDate "2009.09.17"]
[EventType "team-tourn"]
[EventRounds "9"]
[EventCountry "SLO"]
[SourceTitle "EXT 2022"]
[Source "ChessBase"]
[SourceDate "2021.10.06"]
[SourceVersion "1"]
[SourceVersionDate "2021.10.06"]
[SourceQuality "1"]
[WhiteTeam "Domzale SD"]
[BlackTeam "Kamnik DU"]
[WhiteTeamCountry "SLO"]
[BlackTeamCountry "SLO"]

1. e4 e6 2. d4 d5 3. exd5 exd5 4. c4 Nf6 5. Nc3 c6 6. Bd3 dxc4 7. Bxc4 b5 8. Bb3 Bb7 9. Nge2 Bd6 10. 0-0 Qc7 11. f4 0-0 12. Ng3 Rd8 13. Be3 Na6 14. Rc1 Qd7 15. Kh1 c5 16. Bc2 cxd4 17. Bxd4 Be7 18. Bxf6 Bxf6 19. Be4 Qxd1 20. Rcxd1 Bxe4 21. Ngxe4 Bxc3 22. Nxc3 Nc5 23. Nxb5 Nd3 24. Rd2 a6 25. Nc3 Rab8 26. Rfd1 Rbc8 27. Rxd3 1-0

[Event "SLO-chT Central Superliga 10th"]
[Site "Slovenija"]
[Date "2009.09.17"]
[Round "1.2"]
[White "Ocepek, Martin"]
[Black "Coklin, Marko"]
[Result "0-1"]
[WhiteElo "1974"]
[BlackElo "2241"]
[PlyCount "120"]
[EventDate "2009.09.17"]
[EventType "team-tourn"]
[EventRounds "9"]
[EventCountry "SLO"]
[SourceTitle "EXT 2022"]
[Source "ChessBase"]
[SourceDate "2021.10.06"]
[SourceVersion "1"]
[SourceVersionDate "2021.10.06"]
[SourceQuality "1"]
[WhiteTeam "Kamnik DU"]
[BlackTeam "IBM"]
[WhiteTeamCountry "SLO"]
[BlackTeamCountry "SLO"]

1. Nf3 c5 2. e3 d6 3. d4 Nd7 4. c4 Ngf6 5. Nc3 g6 6. b3 Bg7 7. Bb2 0-0 8. Bd3 a6 9. Qc2 b6 10. 0-0 e6 11. Ne4 Qc7 12. dxc5 bxc5 13. Nxf6+ Nxf6 14. e4 e5 15. Ne1 Nh5 16. g3 f5 17. Be2 fxe4 18. Bxh5 gxh5 19. Qxe4 Bb7 20. Qc2 h4 21. Rd1 hxg3 22. hxg3 Rf6 23. f4 Raf8 24. Ng2 Rg6 25. fxe5 Rxf1+ 26. Rxf1 dxe5 27. Qf2 Rf6 28. Qe2 Rxf1+ 29. Kxf1 Qf7+ 30. Qf2 Qh5 31. Kg1 Qd1+ 32. Kh2 Qd6 33. Nh4 Bf6 34. Ng2 Bg5 35. Bc3 e4 36. Qf5 Qh6+ 37. Qh3 Qxh3+ 38. Kxh3 Kf7 39. Nf4 Bf6 40. Be1 Bd4 41. g4 e3 42. g5 Be4 43. b4 Bb1 44. a3 Ba2 45. Nd3 cxb4 46. Nxb4 Bxc4 47. Nc2 Bc5 48. Kg4 Kg6 49. Kf4 e2 50. Bb4 Bxb4 51. axb4 Kh5 52. Ne1 Kh4 53. Nc2 Bf7 54. Kf3 Bh5+ 55. Kf4 Kh3 56. Ke3 Kg2 57. Ne1+ Kf1 58. Kd2 Bg6 59. Nf3 Kf2 60. Ne1 Be4 0-1